000 00386nam a22001697a 4500
003 UA-OsUOA
001 2103
007 ta
008 20050721b un ||||| |||| 00| 0 ukr d
100 _aMiller
700 _aRichard L.
942 _cBK
040 _aUA-OsUOA
_cUA-OsUOA
_dUA-OsUOA
245 _aUnder the cloud. The decades of nuclear testing.
_bFiction
955 _a2
650 7 _2UDC
999 _c288265
_d288265